Hannibal's Legacy: the Hannibalic war`s effects on roman life

محفوظ في:
التفاصيل البيبلوغرافية
المؤلف الرئيسي: Toynbee, Arnold Joseph (autor)
التنسيق: كتاب
اللغة:الإنجليزية
منشور في: Londres Oxford University Press 1965
الموضوعات:
الوسوم: إضافة وسم
لا توجد وسوم, كن أول من يضع وسما على هذه التسجيلة!

MARC

LEADER 00000nam a2200000 a 4500
001 UCP9457
003 CL-VaPUC
008 000324e19650000UK |||||||||||||||||eng|d
082 0 4 |a 937.04  |b TOY  |2 21 
100 |a Toynbee, Arnold Joseph   |e autor   |9 315218 
245 1 0 |a Hannibal's Legacy: the Hannibalic war`s effects on roman life 
300 |a v 
942 |c BK 
945 |d 20000324 00:00:00  |a rherrera 
260 |a Londres  |b Oxford University Press  |c 1965 
500 |a v.1: Rome and Her Neighbours Before Hannibal's entry 
600 0 |a Aníbal de Cartago  |d  247 a.C-182 a.C  |9 438168 
650 0 |a Historia antigua  |9 267521 
650 7 |a ROMA  |2 CL-VaPUC  |9 317375 
650 7 |a CARTAGO  |2 CL-VaPUC  |9 439360 
650 0 |a Guerras púnicas  |9 318990 
650 7 |a ORIGENES  |2 CL-VaPUC  |9 367418 
650 7 |a EFECTOS  |2 CL-VaPUC  |9 360458 
583 |a last modification  |c 20000324 00:00:00  |k Rodrigo Vera 
999 |c 286269  |d 286267 
952 |0 0  |1 0  |4 0  |6 937_040000000000000_TOY_1965  |7 0  |8 A  |9 331793  |a BIBHIS  |b BIBHIS  |d 2019-11-20  |h v.1  |i 1260227  |o 937.04 TOY 1965  |p 1260227  |r 2025-01-20  |w 2019-11-20  |y BK  |k HIS